[Event "Torneo Maestros FMA"]
[Site "Madrid ESP"]
[Date "2007.04.23"]
[Round "5.6"]
[White "Vazquez, Renier"]
[Black "Moreno Ruiz, Javier"]
[Result "1-0"]
[WhiteElo "2517"]
[BlackElo "2482"]
[PlyCount "77"]
[EventDate "2007.04.20"]
[EventType "tourn"]
[EventRounds "11"]
[EventCountry "ESP"]
[Source "lmi"]
[SourceDate "2007.04.20"]

1. Nf3 d5 2. d4 Nf6 3. Bg5 Ne4 4. Bf4 c5 5. c3 Qb6 6. Qb3 Nc6 7. e3 c4 8. Qc2
Bf5 9. Qc1 h6 10. Nbd2 e6 11. Nxe4 Bxe4 12. Be2 Be7 13. Bg3 g5 14. h3 h5 15.
Nd2 Bxg2 16. Rh2 h4 17. Rxg2 hxg3 18. Rxg3 O-O-O 19. Qc2 Rdg8 20. e4 Bd6 21. e5
Be7 22. b3 cxb3 23. axb3 Kb8 24. b4 Rc8 25. Qa4 f6 26. Nb3 fxe5 27. Nc5 Rhd8
28. b5 Nxd4 29. cxd4 exd4 30. Nxe6 Qxe6 31. Qxa7+ Kc7 32. Kf1 Ra8 33. Rc1+ Kd6
34. Qxd4 Qe4 35. Qb6+ Kd7 36. Rc7+ Ke8 37. Bh5+ Kf8 38. Qh6+ Kg8 39. Rxg5+ 1-0

[Event "Torneo Maestros FMA"]
[Site "Madrid ESP"]
[Date "2007.04.23"]
[Round "6.1"]
[White "Mateo, Ramon"]
[Black "Moreno Ruiz, Javier"]
[Result "1-0"]
[WhiteElo "2448"]
[BlackElo "2482"]
[PlyCount "73"]
[EventDate "2007.04.20"]
[EventType "tourn"]
[EventRounds "11"]
[EventCountry "ESP"]
[Source "lmi"]
[SourceDate "2007.04.20"]

1. d4 Nf6 2. c4 g6 3. Nc3 Bg7 4. e4 d6 5. h3 O-O 6. Be3 Na6 7. g4 c5 8. d5 e6
9. Bg2 exd5 10. cxd5 Bd7 11. Nge2 b5 12. Ng3 b4 13. Nce2 Bb5 14. Qd2 Nd7 15.
O-O Nb6 16. b3 Bxa1 17. Rxa1 Re8 18. a4 bxa3 19. Nc3 Bd7 20. e5 Rxe5 21. Nge4
Qe7 22. f4 Rxe4 23. Nxe4 f5 24. Rxa3 Nb4 25. Bxc5 dxc5 26. d6 Qh4 27. Nxc5 Re8
28. Nxd7 Re1+ 29. Kh2 Nxd7 30. g5 h6 31. Rxa7 hxg5 32. Rxd7 gxf4 33. Bd5+ Kf8
34. Rf7+ Ke8 35. d7+ Kd8 36. Rf8+ Kxd7 37. Bg2+ 1-0

[Event "Torneo Maestros FMA"]
[Site "Madrid ESP"]
[Date "2007.04.23"]
[Round "6.3"]
[White "Llaneza Vega, Marcos"]
[Black "Martinez, David"]
[Result "1-0"]
[WhiteElo "2455"]
[BlackElo "2403"]
[PlyCount "49"]
[EventDate "2007.04.20"]
[EventType "tourn"]
[EventRounds "11"]
[EventCountry "ESP"]
[Source "lmi"]
[SourceDate "2007.04.20"]

1. e4 e6 2. Nf3 d5 3. Nc3 c5 4. exd5 exd5 5. Bb5+ Nc6 6. O-O Be7 7. d4 a6 8.
Bxc6+ bxc6 9. Ne5 Bb7 10. dxc5 Bxc5 11. Qg4 g6 12. Re1 Be7 13. Bg5 Qc8 14. Qd4
f6 15. Ng4 c5 16. Rxe7+ Kxe7 17. Bxf6+ Nxf6 18. Qxf6+ Kd7 19. Ne5+ Kc7 20. Nf7
Rd8 21. Qf4+ Kc6 22. Nxd8+ Qxd8 23. Re1 Bc8 24. Re8 Qd7 25. Qf6+ 1-0

[Event "Torneo Maestros FMA"]
[Site "Madrid ESP"]
[Date "2007.04.23"]
[Round "6.5"]
[White "Borges Mateos, Juan"]
[Black "Minzer, Claudio"]
[Result "1/2-1/2"]
[WhiteElo "2482"]
[BlackElo "2414"]
[PlyCount "27"]
[EventDate "2007.04.20"]
[EventType "tourn"]
[EventRounds "11"]
[EventCountry "ESP"]
[Source "lmi"]
[SourceDate "2007.04.20"]

1. d4 Nf6 2. c4 c6 3. Nf3 d5 4. Qc2 dxc4 5. Qxc4 Bf5 6. g3 e6 7. Bg2 Nbd7 8.
O-O Be7 9. e3 O-O 10. Rd1 h6 11. Qe2 Re8 12. Nc3 Ne4 13. Nd2 Nxd2 14. Bxd2
1/2-1/2

[Event "Torneo Maestros FMA"]
[Site "Madrid ESP"]
[Date "2007.04.24"]
[Round "7.2"]
[White "Minzer, Claudio"]
[Black "Lariño Nieto, David"]
[Result "0-1"]
[WhiteElo "2414"]
[BlackElo "2404"]
[PlyCount "66"]
[EventDate "2007.04.20"]
[EventType "tourn"]
[EventRounds "11"]
[EventCountry "ESP"]
[Source "lmi"]
[SourceDate "2007.04.20"]

1. d4 Nf6 2. c4 g6 3. Nc3 d5 4. cxd5 Nxd5 5. e4 Nxc3 6. bxc3 c5 7. Bc4 Bg7 8.
Be3 O-O 9. Ne2 Qc7 10. Rc1 a6 11. O-O b5 12. Bd5 Nc6 13. c4 b4 14. dxc5 Bb7 15.
f4 e6 16. f5 Rfe8 17. Bf4 Qa5 18. Bd6 exd5 19. fxg6 fxg6 20. Qxd5+ Kh8 21. Nf4
Nd8 22. c6 Qb6+ 23. c5 Qxc6 24. Qg5 Qxe4 25. Rce1 Nf7 26. Qg3 Qd4+ 27. Kh1 Nxd6
28. cxd6 Qxd6 29. Re6 Qd1 30. Ree1 Qd7 31. Qh4 Qf5 32. Qg3 Rf8 33. Nh3 Bd4 0-1

[Event "Torneo Maestros FMA"]
[Site "Madrid ESP"]
[Date "2007.04.24"]
[Round "7.5"]
[White "Vazquez, Renier"]
[Black "Llaneza Vega, Marcos"]
[Result "1-0"]
[WhiteElo "2517"]
[BlackElo "2455"]
[PlyCount "71"]
[EventDate "2007.04.20"]
[EventType "tourn"]
[EventRounds "11"]
[EventCountry "ESP"]
[Source "lmi"]
[SourceDate "2007.04.20"]

1. Nf3 d6 2. e4 c5 3. c3 Nf6 4. Be2 g6 5. O-O Bg7 6. Re1 O-O 7. Bf1 Nc6 8. d3
a6 9. h3 b5 10. d4 cxd4 11. cxd4 Bb7 12. d5 Nb8 13. a4 bxa4 14. Nc3 Nbd7 15.
Nxa4 Qc7 16. Bd2 Rfc8 17. Bc3 a5 18. Nd4 Ba6 19. Nc6 Bxf1 20. Nxe7+ Kh8 21.
Nxc8 Rxc8 22. Kxf1 Qc4+ 23. Kg1 Nxe4 24. Bxg7+ Kxg7 25. Rc1 Qxc1 26. Qxc1 Rxc1
27. Rxc1 Kf6 28. Rc7 Ne5 29. Ra7 Nc4 30. f3 Ned2 31. Kf2 Nb3 32. Rc7 Ne5 33.
Rc3 Nd4 34. f4 Nd7 35. Rc7 Nf8 36. Nc3 1-0

[Event "Torneo Maestros FMA"]
[Site "Madrid ESP"]
[Date "2007.04.24"]
[Round "7.6"]
[White "Moreno Ruiz, Javier"]
[Black "Hernandez, Holden"]
[Result "0-1"]
[WhiteElo "2482"]
[BlackElo "2541"]
[PlyCount "57"]
[EventDate "2007.04.20"]
[EventType "tourn"]
[EventRounds "11"]
[EventCountry "ESP"]
[Source "lmi"]
[SourceDate "2007.04.20"]

1. d4 Nf6 2. c4 e6 3. Nc3 Bb4 4. e3 O-O 5. Bd3 d5 6. cxd5 exd5 7. Nge2 Bd6 8.
O-O Re8 9. f3 c5 10. Qe1 Nc6 11. Qh4 Ne7 12. g4 Ng6 13. Qf2 Bxg4 14. dxc5 Ne5
15. cxd6 Nxd3 16. Qg3 Bd7 17. Rd1 Nxc1 18. Raxc1 Rxe3 19. Nf4 Ne4 20. Qg2 Nxc3
21. bxc3 Qb6 22. Kh1 Qxd6 23. Nxd5 Re5 24. c4 Rae8 25. Rg1 g6 26. Qg3 Bc6 27.
Rcd1 Bxd5 28. cxd5 Rd8 29. Qf2 0-1

[Event "Torneo Maestros FMA"]
[Site "Madrid ESP"]
[Date "2007.04.25"]
[Round "8.1"]
[White "Mateo, Ramon"]
[Black "Hernandez, Holden"]
[Result "0-1"]
[WhiteElo "2448"]
[BlackElo "2541"]
[PlyCount "76"]
[EventDate "2007.04.20"]
[EventType "tourn"]
[EventRounds "11"]
[EventCountry "ESP"]
[Source "lmi"]
[SourceDate "2007.04.20"]

1. d4 Nf6 2. Nf3 e6 3. Bg5 h6 4. Bf4 c5 5. e3 Nc6 6. c3 d5 7. Nbd2 Bd6 8. dxc5
Bxc5 9. Be2 O-O 10. O-O Nh5 11. Nb3 Bb6 12. Qd2 g5 13. Bg3 Nxg3 14. hxg3 e5 15.
Rad1 e4 16. Nh2 Be6 17. c4 dxc4 18. Qc3 Qe7 19. Bxc4 Rac8 20. Bxe6 Qxe6 21. Nc5
Qe7 22. b4 Nxb4 23. Qxb4 Bxc5 24. Qa4 Rfd8 25. Ng4 h5 26. Nh6+ Kh7 27. Nf5 Qe5
28. Nd4 g4 29. Ne2 Bb6 30. Nf4 h4 31. Qb3 Kg7 32. gxh4 g3 33. fxg3 Rxd1 34.
Qxd1 Bxe3+ 35. Kh2 Rc1 36. Qg4+ Kh6 37. Nd3 exd3 38. Rf5 Rh1+ 0-1

[Event "Torneo Maestros FMA"]
[Site "Madrid ESP"]
[Date "2007.04.25"]
[Round "8.2"]
[White "Llaneza Vega, Marcos"]
[Black "Moreno Ruiz, Javier"]
[Result "1/2-1/2"]
[WhiteElo "2455"]
[BlackElo "2482"]
[PlyCount "69"]
[EventDate "2007.04.20"]
[EventType "tourn"]
[EventRounds "11"]
[EventCountry "ESP"]
[Source "lmi"]
[SourceDate "2007.04.20"]

1. e4 e5 2. Nf3 Nf6 3. Nxe5 d6 4. Nf3 Nxe4 5. Nc3 Nxc3 6. dxc3 Be7 7. Bf4 Nc6
8. Qd2 Be6 9. O-O-O Qd7 10. Kb1 O-O-O 11. Ng5 Bxg5 12. Bxg5 f6 13. Be3 a6 14.
Be2 Qf7 15. b3 d5 16. Rhe1 Bf5 17. Bc5 Rhe8 18. g4 Bg6 19. f3 h5 20. h3 hxg4
21. hxg4 Re6 22. Bf1 Rxe1 23. Rxe1 Ne5 24. Bg2 Qd7 25. g5 Kb8 26. Qf4 Qe6 27.
Bd4 Re8 28. Bf2 Qd6 29. Bg3 Qa3 30. Qd2 Re6 31. Qc1 Qxc1+ 32. Kxc1 Bf5 33. gxf6
gxf6 34. Kd2 Re7 35. f4 1/2-1/2

[Event "Torneo Maestros FMA"]
[Site "Madrid ESP"]
[Date "2007.04.25"]
[Round "8.3"]
[White "Roa Alonso, Santiago"]
[Black "Vazquez, Renier"]
[Result "1/2-1/2"]
[WhiteElo "2423"]
[BlackElo "2517"]
[PlyCount "30"]
[EventDate "2007.04.20"]
[EventType "tourn"]
[EventRounds "11"]
[EventCountry "ESP"]
[Source "lmi"]
[SourceDate "2007.04.20"]

1. e4 e5 2. Nf3 Nc6 3. Bc4 Nf6 4. d3 Bc5 5. Bb3 O-O 6. Nbd2 Re8 7. c3 d5 8. O-O
Bg4 9. h3 Bh5 10. Re1 dxe4 11. dxe4 Bf8 12. Qe2 Bg6 13. Bc2 Bh5 14. Nf1 Qd7 15.
N1d2 Bg6 1/2-1/2

[Event "Torneo Maestros FMA"]
[Site "Madrid ESP"]
[Date "2007.04.25"]
[Round "8.5"]
[White "Lariño Nieto, David"]
[Black "Mirzoev, Azer"]
[Result "0-1"]
[WhiteElo "2404"]
[BlackElo "2535"]
[PlyCount "76"]
[EventDate "2007.04.20"]
[EventType "tourn"]
[EventRounds "11"]
[EventCountry "ESP"]
[Source "lmi"]
[SourceDate "2007.04.20"]

1. e4 c5 2. Nc3 Nc6 3. g3 g6 4. Bg2 Bg7 5. d3 d6 6. f4 Nh6 7. f5 gxf5 8. Qh5
Ng4 9. exf5 Nf6 10. Qg5 h6 11. Qxg7 Rh7 12. Bxh6 Rxg7 13. Bxg7 Ng4 14. f6 exf6
15. O-O-O Nf2 16. Nd5 Qa5 17. Nf3 Nxd1 18. Rxd1 Be6 19. Nxf6+ Kd8 20. a3 Ne7
21. g4 Qa4 22. d4 Kc7 23. h4 Qc4 24. Rd2 Qa2 25. Rd3 Ng6 26. Bh6 cxd4 27. Nxd4
Ne5 28. Rc3+ Nc4 29. Kd1 Rh8 30. Bc1 Kb8 31. Rb3 Na5 32. Rc3 Rxh4 33. Bd5 Bxg4+
34. Kd2 Qb1 35. Bf3 Rh2+ 36. Be2 Rh1 37. Nb3 Nxb3+ 38. cxb3 Rxc1 0-1

[Event "Torneo Maestros FMA"]
[Site "Madrid ESP"]
[Date "2007.04.25"]
[Round "9.1"]
[White "Minzer, Claudio"]
[Black "Mateo, Ramon"]
[Result "0-1"]
[WhiteElo "2414"]
[BlackElo "2448"]
[PlyCount "72"]
[EventDate "2007.04.20"]
[EventType "tourn"]
[EventRounds "11"]
[EventCountry "ESP"]
[Source "lmi"]
[SourceDate "2007.04.20"]

1. d4 Nf6 2. c4 e6 3. Nc3 Bb4 4. g3 O-O 5. Bg2 d5 6. Nf3 dxc4 7. O-O Nc6 8. e3
Rb8 9. Nd2 Nd5 10. Nxc4 Bxc3 11. bxc3 Nxc3 12. Qc2 Nd5 13. Bb2 b5 14. Nd2 Ncb4
15. Qb3 a5 16. a3 a4 17. Qd1 Nd3 18. Qc2 Nxb2 19. Qxb2 Ba6 20. Rfc1 b4 21. axb4
Rxb4 22. Qa2 Qa8 23. Rxc7 Rfb8 24. Rc2 Bd3 25. Bxd5 exd5 26. Rc3 Bf5 27. Nf3
Rb2 28. Qa3 h6 29. Ne5 Qa6 30. Re1 Rb1 31. Rxb1 Rxb1+ 32. Rc1 Rxc1+ 33. Qxc1 a3
34. Nf3 a2 35. Qa1 Qe2 36. Ne1 Bb1 0-1

[Event "Torneo Maestros FMA"]
[Site "Madrid ESP"]
[Date "2007.04.25"]
[Round "9.3"]
[White "Martinez, David"]
[Black "Lariño Nieto, David"]
[Result "1-0"]
[WhiteElo "2403"]
[BlackElo "2404"]
[PlyCount "97"]
[EventDate "2007.04.20"]
[EventType "tourn"]
[EventRounds "11"]
[EventCountry "ESP"]
[Source "lmi"]
[SourceDate "2007.04.20"]

1. d4 e6 2. Nf3 c5 3. e4 a6 4. d5 exd5 5. exd5 d6 6. Be2 Be7 7. O-O Bg4 8. Nfd2
Bf5 9. a4 Nd7 10. Nc4 Ngf6 11. Bf4 Qc7 12. Re1 O-O 13. Bf1 b5 14. axb5 axb5 15.
Nca3 Qb7 16. Rxe7 Nxd5 17. Qf3 Bg4 18. Qxg4 Nxe7 19. Bxd6 b4 20. Bxe7 Rfe8 21.
Bg5 Re4 22. Qg3 h5 23. Nd2 Rg4 24. Qe3 Qd5 25. Nf3 c4 26. h3 Re4 27. Qd2 Qb7
28. Rd1 bxa3 29. bxa3 Nc5 30. Be3 Ne6 31. Qd5 Qxd5 32. Rxd5 Nf4 33. Rf5 Ng6 34.
Nd2 Re7 35. Nxc4 Rb8 36. Bd3 h4 37. a4 Rb1+ 38. Kh2 Ra1 39. Rb5 Rxa4 40. Nd6
Ra1 41. Rb8+ Kh7 42. Nf5 Rd7 43. Rb4 Ne5 44. Rxh4+ Kg6 45. Bd4 Nxd3 46. Bxa1
Nxf2 47. Ng3 Rd1 48. Bd4 Kg5 49. Rh5+ 1-0

[Event "Torneo Maestros FMA"]
[Site "Madrid ESP"]
[Date "2007.04.25"]
[Round "9.5"]
[White "Moreno Ruiz, Javier"]
[Black "Roa Alonso, Santiago"]
[Result "1/2-1/2"]
[WhiteElo "2482"]
[BlackElo "2423"]
[PlyCount "21"]
[EventDate "2007.04.20"]
[EventType "tourn"]
[EventRounds "11"]
[EventCountry "ESP"]
[Source "lmi"]
[SourceDate "2007.04.20"]

1. d4 d5 2. c4 e6 3. Nc3 c5 4. cxd5 exd5 5. Nf3 Nc6 6. g3 Nf6 7. Bg2 Be7 8. O-O
O-O 9. Bg5 cxd4 10. Nxd4 h6 11. Be3 1/2-1/2

[Event "Torneo Maestros FMA"]
[Site "Madrid ESP"]
[Date "2007.04.26"]
[Round "10.1"]
[White "Mateo, Ramon"]
[Black "Llaneza Vega, Marcos"]
[Result "1-0"]
[WhiteElo "2448"]
[BlackElo "2455"]
[PlyCount "73"]
[EventDate "2007.04.20"]
[EventType "tourn"]
[EventRounds "11"]
[EventCountry "ESP"]
[Source "lmi"]
[SourceDate "2007.04.20"]

1. d4 Nf6 2. c4 d6 3. Nc3 e5 4. Nf3 e4 5. Nd2 Bf5 6. Qb3 Nc6 7. e3 Qd7 8. Nd5
Nxd5 9. cxd5 Nd8 10. Bc4 Be7 11. Qc2 c6 12. Nxe4 Rc8 13. Qd3 b5 14. Bb3 c5 15.
Bc2 cxd4 16. O-O O-O 17. exd4 Bg6 18. Bb3 a5 19. a4 b4 20. Re1 Qa7 21. Bf4 Nb7
22. Bc4 f5 23. Ng3 Bf6 24. Rad1 Be8 25. b3 g5 26. Bc1 f4 27. Ne4 Bg6 28. Nxf6+
Rxf6 29. Qh3 Rcf8 30. Re7 R8f7 31. Rxf7 Bxf7 32. Qg4 h6 33. h4 Nd8 34. hxg5 Rg6
35. Bxf4 hxg5 36. Bxg5 Qc7 37. Qh4 1-0

[Event "Torneo Maestros FMA"]
[Site "Madrid ESP"]
[Date "2007.04.26"]
[Round "10.2"]
[White "Roa Alonso, Santiago"]
[Black "Hernandez, Holden"]
[Result "1/2-1/2"]
[WhiteElo "2423"]
[BlackElo "2541"]
[PlyCount "217"]
[EventDate "2007.04.20"]
[EventType "tourn"]
[EventRounds "11"]
[EventCountry "ESP"]
[Source "lmi"]
[SourceDate "2007.04.20"]

1. e4 c5 2. Nf3 d6 3. c3 Nf6 4. h3 g6 5. Bd3 Bg7 6. O-O O-O 7. Bc2 Nc6 8. d4
cxd4 9. cxd4 e5 10. d5 Ne7 11. Nc3 h6 12. a4 Ne8 13. Ra3 f5 14. exf5 Bxf5 15.
Nh4 Nf6 16. f4 Nd7 17. Nxf5 Nxf5 18. a5 Rc8 19. Bb1 Rc4 20. Qg4 Kh7 21. Qe2 Rb4
22. Nd1 exf4 23. Bxf4 Qh4 24. Qg4 Qxg4 25. hxg4 Nd4 26. Re3 Ne5 27. Bxe5 Rxf1+
28. Kxf1 Bxe5 29. Rc3 Kg7 30. g5 hxg5 31. Rc7+ Kh6 32. Ne3 Rxb2 33. Be4 Nf5 34.
Nxf5+ gxf5 35. Bxf5 g4 36. Bxg4 Rb5 37. a6 bxa6 38. Rxa7 a5 39. Bf3 Bc3 40. Ke2
Rb2+ 41. Kd3 Bb4 42. Kc4 Kg5 43. Ra8 Kf4 44. Rf8+ Ke3 45. Re8+ Kf2 46. Ra8 Rc2+
47. Kb5 Ke3 48. Re8+ Kd4 49. Re4+ Kd3 50. Re6 Rc5+ 51. Ka4 Rc1 52. Re2 Bc3 53.
Ra2 Kc4 54. g4 Rg1 55. Bg2 Bb2 56. Bf3 Bc3 57. Bg2 Bd2 58. Bf3 Kd3 59. Kb5 Ke3
60. Ra3+ Kf4 61. Be2 Re1 62. Bc4 Kxg4 63. Ra2 Rb1+ 64. Kc6 Bb4 65. Bb5 Rc1+ 66.
Kd7 Kf4 67. Re2 Ra1 68. Kc6 Bc5 69. Rc2 Ke5 70. Rxc5 dxc5 71. d6 Rd1 72. d7 Ke6
73. Kxc5 Rd6 74. Ba4 Ke7 75. Kb5 Rxd7 76. Kxa5 Rb7 77. Bb5 Kd6 78. Ka4 Kc5 79.
Be2 Kd4 80. Bf1 Kc3 81. Be2 Rb4+ 82. Ka5 Rb2 83. Bf1 Kd4 84. Ka4 Rf2 85. Bh3
Kc5 86. Be6 Re2 87. Bg8 Rb2 88. Bf7 Rb4+ 89. Ka3 Kb5 90. Be6 Ka5 91. Bb3 Re4
92. Bf7 Re3+ 93. Kb2 Kb4 94. Bg8 Re2+ 95. Ka1 Kc3 96. Bh7 Re1+ 97. Ka2 Re2+ 98.
Ka1 Rb2 99. Bg8 Kc2 100. Bh7+ Kc1 101. Bg8 Rb8 102. Be6 Ra8+ 103. Ba2 Kd2 104.
Kb2 Rb8+ 105. Bb3 Rb7 106. Ka2 Kc3 107. Be6 Rg7 108. Bd5 Re7 109. Kb1 1/2-1/2

[Event "Torneo Maestros FMA"]
[Site "Madrid ESP"]
[Date "2007.04.26"]
[Round "10.4"]
[White "Lariño Nieto, David"]
[Black "Vazquez, Renier"]
[Result "0-1"]
[WhiteElo "2404"]
[BlackElo "2517"]
[PlyCount "114"]
[EventDate "2007.04.20"]
[EventType "tourn"]
[EventRounds "11"]
[EventCountry "ESP"]
[Source "lmi"]
[SourceDate "2007.04.20"]

1. e4 e5 2. Nf3 Nf6 3. Nc3 Nc6 4. g3 d5 5. exd5 Nxd5 6. Bg2 Nxc3 7. bxc3 Bc5 8.
O-O O-O 9. Re1 Re8 10. d3 Bg4 11. h3 Bh5 12. g4 Bg6 13. Rb1 e4 14. Nd2 Bxf2+
15. Kxf2 Qh4+ 16. Kg1 exd3 17. Re4 dxc2 18. Qxc2 Qg3 19. Rb2 Ne5 20. Qd1 Qxc3
21. Rb3 Qc5+ 22. Rbe3 Bxe4 23. Nxe4 Rad8 24. Qf1 Qc4 25. Qe1 Qd4 26. Kh2 Qd1
27. Qc3 Rd3 28. Qc5 b6 29. Rxd3 Qxd3 30. Qf2 Ng6 31. Ng3 Qd6 32. Bb2 Qf4 33.
Kg1 Rd8 34. Qxf4 Nxf4 35. Bf1 Rd1 36. Be5 Nxh3+ 37. Kg2 Ng5 38. Bf4 Ne6 39. Be3
Rb1 40. Bc4 Rb4 41. Bd5 Nf4+ 42. Bxf4 Rxf4 43. Kh3 g6 44. Ne4 Kg7 45. Kg3 Rf1
46. Bc4 Rc1 47. Bb3 b5 48. Ng5 h6 49. Ne4 a5 50. Nf2 a4 51. Bd5 c6 52. Be4 b4
53. Nd3 Rc3 54. Kf4 c5 55. Nb2 a3 56. Na4 Rc4 57. Ke5 b3 0-1